00243nam a2200097Ia 4500008004100000041000800041082001200049100001700061245004100078260002600119231212s1986 xx 000 0 und d aeng a660.283 aGandhi A. B. aThe Conservation of Foregin Exchange aBostonbGulf Puc1986